Statistics for Places starting with 'A'

Click here to take the quiz!

General Stats

  • This quiz has been taken 38 times
  • The average score is 14 of 15

Answer Stats

HintAnswer% Correct
City where Anne Frank hid in the second world warAmsterdam
97%
The only country where you would find platypuses in the wildAustralia
97%
Wolfgang Amadeus Mozart was born in this countryAustria
97%
This state is the biggest in the USAlaska
95%
Tirana is this country's capitalAlbania
95%
Continent where the coldest temperature ever was recordedAntarctica
95%
The winner of the 2022 world cupArgentina
95%
Baku is this country's capitalAzerbaijan
95%
Julius Ceasar famously is thought to have burned this city's libraryAlexandria
89%
Capital of AlgeriaAlgiers
89%
The first country to adopt ChristianityArmenia
89%
The capital of the US state GeorgiaAtlanta
89%
The oldest known oil painting in the world is in this countryAfghanistan
84%
The 22nd largest country in the worldAngola
76%
The 14th smallest country in the worldAntigua and Barbuda
73%

Score Distribution

Percentile by Number Answered

Percent of People with Each Score

Your Score History

You have not taken this quiz